Čeněk Jokl (1861-1931) a jeho rodina : vzpomínky a dokumenty /

Další autoři: Kleveta, Alois, 1934-
Jazyk: Čeština
Vydáno: Vyškov : Alka 2012
Vydání: Vyd. 1.
Edice: Mlynářský památník
Témata:
Fyzický popis: 137 s. : il. (některé barev.), mapy, portréty, plány, faksim., geneal. tabulky ; 22 x 30 cm
Knihy
Uloženo v:
LEADER 02238nam a2200589 a 4500
001 nkc20122380073
003 CZ PrNK
005 20161207103653.0
007 ta
008 120712s2012 xr abcee 000 0dcze
015 |a cnb002380073 
020 |a 978-80-901106-1-8  |q (kroužková vazba) 
035 |a (OCoLC)817047806 
040 |a BOA001  |b cze  |d ABA001 
043 |a e-xr---  |b e-xr-jm  |2 czenas 
045 |a w-x- 
072 7 |a 929  |x Biografie  |2 Konspekt  |9 8 
080 |a 929  |2 MRF 
080 |a 664.71-051  |2 MRF 
080 |a 621.223:664.71.05  |2 MRF 
080 |a (437.322)  |2 MRF 
080 |a (0:82-94)  |2 MRF 
080 |a (093)  |2 MRF 
245 0 0 |a Čeněk Jokl (1861-1931) a jeho rodina :  |b vzpomínky a dokumenty /  |c edičně připravil a doprovodným slovem opatřil Alois Kleveta 
246 3 0 |a Čeněk Jokl a jeho rodina 
250 |a Vyd. 1. 
260 |a Vyškov :  |b Alka  |c 2012 
300 |a 137 s. :  |b il. (některé barev.), mapy, portréty, plány, faksim., geneal. tabulky ;  |c 22 x 30 cm 
490 1 |a Mlynářský památník ;  |v seš. 1 
500 |a 50 výt. 
504 |a Obsahuje bibliografii 
600 1 7 |a Jokl, Čeněk,  |d 1861-1931  |7 jx20121005001  |2 czenas 
600 3 7 |a Joklovi (rodina)  |7 jx20121005002  |2 czenas 
648 7 |a 19.-20. století  |7 ch757015  |2 czenas 
650 0 7 |a mlynáři  |7 ph117021  |z Česko  |y 19.-20. století  |2 czenas 
650 0 7 |a vodní mlýny  |7 ph120513  |z Česko  |y 19.-20. století  |2 czenas 
650 0 9 |a millers  |z Czechia  |y 19th-20th centuries  |2 eczenas 
650 0 9 |a water mills  |z Czechia  |y 19th-20th centuries  |2 eczenas 
651 7 |a Vyškov (Česko)  |7 ge131361  |2 czenas 
651 9 |a Vyškov (Czechia)  |2 eczenas 
655 7 |a vzpomínky  |7 fd133830  |2 czenas 
655 7 |a dokumenty  |7 fd132064  |2 czenas 
655 9 |a reminiscences  |2 eczenas 
655 9 |a documents  |2 eczenas 
700 1 |a Kleveta, Alois,  |d 1934-  |7 mzk2009544649  |4 wfw  |4 edt 
830 0 |a Mlynářský památník  |0 s 
910 2 |a BOA001  |b 4-1292.160 
990 |a BK 
995 |a 01 
991 |b 201210  |c NOV  |e n 
996 6 |b 2610522572  |c 4-1292.160  |l MZK  |r Sklad / do 1 hodiny  |n 3  |p p.v.  |w 001283875  |u 000010  |a 1  |e BOA001  |j MZK50  |s P 
996 7 |b 2610690180  |c 4-1292.160  |l MZK  |r Sklad / do 1 hodiny  |n 1  |p p.v.  |w 001283875  |u 000020  |a 1  |e BOA001  |j MZK50  |s A